[Event "38th WCh U20 Girls"]
[Site "Cala Gonone ITA"]
[Date "2022.10.20"]
[Round "9.30"]
[White "Muha, Magdalena"]
[Black "Velikova, Gabriela"]
[Result "1-0"]
[WhiteElo "1706"]
[BlackElo "1500"]
[EventDate "2022.10.12"]
[PlyCount "53"]

1.d4 Nf6 2.c4 e5 3.dxe5 Ng4 4.Bf4 g5 5.Bg3 Bg7 6.Nf3 Nc6 7.Nc3 Ngxe5 8.
Nxe5 Nxe5 9.e3 d6 10.Be2 Be6 11.Qb3 O-O 12.Rd1 Rb8 13.h4 g4 14.f4 gxf3 15.
gxf3 b5 16.Bxe5 bxc4 17.Qc2 Bxe5 18.f4 Bf6 19.Kd2 d5 20.Kc1 c6 21.e4 Qb6 
22.e5 Qe3+ 23.Kb1 Qxf4 24.exf6 Bf5 25.Bd3 Bxd3 26.Rxd3 cxd3 27.Qg2+ 1-0

[Event "38th WCh U20 Girls"]
[Site "Cala Gonone ITA"]
[Date "2022.10.20"]
[Round "9.31"]
[White "Georges, Lisa"]
[Black "Jacobsen, Shanne Hedegaard"]
[Result "1-0"]
[WhiteElo "1799"]
[BlackElo "1412"]
[EventDate "2022.10.12"]
[PlyCount "95"]

1.e4 c6 2.d4 d5 3.exd5 cxd5 4.Bd3 Nc6 5.c3 Nf6 6.h3 g6 7.Nf3 Bf5 8.O-O 
Bxd3 9.Qxd3 Qc7 10.Re1 Bg7 11.Bg5 Ne4 12.Be3 O-O 13.Nbd2 Nxd2 14.Qxd2 Rfe8
15.Bf4 Qc8 16.Qd3 e6 17.a4 a5 18.Qb5 Bf8 19.Ne5 Nxe5 20.Bxe5 Qc6 21.Qd3 
Bg7 22.Bf4 Rac8 23.Ra3 Qc4 24.Qd1 b5 25.axb5 Qxb5 26.Qb3 Qxb3 27.Rxb3 Bf8 
28.Ra1 Ra8 29.Ra4 Ra7 30.Rb5 Rea8 31.Bb8 Ra6 32.Bc7 Rc6 33.Raxa5 Rxa5 34.
Bxa5 Ra6 35.Kf1 Bh6 36.Ke2 Bc1 37.b4 Ra7 38.Kd3 Kg7 39.g3 f5 40.Rc5 Ra6 
41.Rc7+ Kh6 42.Rb7 f4 43.g4 Ra8 44.Rf7 Ra6 45.h4 Rc6 46.Kc2 Ba3 47.Ra7 f3 
48.Bd8 1-0

[Event "38th WCh U20 Girls"]
[Site "Cala Gonone ITA"]
[Date "2022.10.20"]
[Round "9.32"]
[White "Andhin, Chethanah"]
[Black "Middleton, Jody"]
[Result "0-1"]
[WhiteElo "1493"]
[BlackElo "1850"]
[EventDate "2022.10.12"]
[PlyCount "146"]

1.d4 d5 2.Nf3 Nf6 3.Bf4 c5 4.e3 Nc6 5.Be2 Qb6 6.Nc3 c4 7.Rb1 Bf5 8.a3 e6 
9.Nh4 Be4 10.Nxe4 Nxe4 11.Nf3 Be7 12.c3 g5 13.Bg3 h5 14.h3 Nxg3 15.fxg3 
Qc7 16.Kf2 h4 17.g4 f5 18.gxf5 exf5 19.Qc2 Rf8 20.Kg1 O-O-O 21.b3 g4 22.
hxg4 fxg4 23.Nh2 h3 24.Bxg4+ Kb8 25.Bxh3 Qg3 26.Ng4 Bg5 27.Qe2 Rde8 28.Rf1
Rxf1+ 29.Kxf1 Bxe3 30.Qf3 Qxf3+ 31.gxf3 cxb3 32.Kg2 Bd2 33.Nf6 Re2+ 34.Kf1
Re1+ 35.Kg2 Rxh1 36.Kxh1 Ne7 37.Bf1 Bxc3 38.Nd7+ Kc7 39.Nc5 b6 40.Nxb3 Nf5
41.Bd3 Nxd4 42.Nxd4 Bxd4 43.Kg2 Kc6 44.Kf1 b5 45.Bc2 Kc5 46.Bb3 Bb2 47.a4 
Kb4 48.Bxd5 Kxa4 49.Ke2 Kb4 50.Kd3 Kc5 51.Ba2 a5 52.Kc2 Bf6 53.f4 a4 54.f5
b4 55.Be6 Kd6 56.Bc4 Kc5 57.Be6 Kd4 58.Ba2 Ke4 59.Be6 Kf4 60.Bb3 axb3+ 61.
Kxb3 Be7 62.f6 Bf8 63.f7 Kf5 64.Kc4 Kf6 65.Kb3 Kxf7 66.Kc4 Ke6 67.Kb3 Kd5 
68.Kc2 Kc4 69.Kb2 Bg7+ 70.Kb1 b3 71.Kc1 Kb4 72.Kb1 Ka3 73.Kc1 Ka2 0-1

[Event "38th WCh U20 Girls"]
[Site "Cala Gonone ITA"]
[Date "2022.10.21"]
[Round "10.1"]
[White "Beydullayeva, Govhar"]
[Black "Urh, Zala"]
[Result "1/2-1/2"]
[WhiteElo "2356"]
[BlackElo "2221"]
[EventDate "2022.10.12"]
[PlyCount "60"]

1.d4 Nf6 2.c4 e6 3.Nf3 d5 4.Nc3 Bb4 5.Bg5 Nbd7 6.e3 h6 7.Bxf6 Bxc3+ 8.bxc3
Nxf6 9.Bd3 dxc4 10.Bxc4 O-O 11.O-O c5 12.Ne5 Qc7 13.Rc1 b6 14.f4 Bb7 15.f5
Bd5 16.Bd3 Nd7 17.Nxd7 Qxd7 18.f6 e5 19.c4 e4 20.Bb1 Bb7 21.d5 Rfe8 22.Rf4
Re5 23.Rxe4 Qd6 24.Qd3 g6 25.Rf1 h5 26.Rxe5 Qxe5 27.e4 Ba6 28.Qe3 Kh7 29.
Bd3 Re8 30.h3 Qc3 1/2-1/2

[Event "38th WCh U20 Girls"]
[Site "Cala Gonone ITA"]
[Date "2022.10.21"]
[Round "10.2"]
[White "Salimova, Nurgyul"]
[Black "Serikbay, Assel"]
[Result "0-1"]
[WhiteElo "2415"]
[BlackElo "2181"]
[EventDate "2022.10.12"]
[PlyCount "88"]

1.d4 d5 2.c4 c6 3.Nc3 Nf6 4.Nf3 e6 5.e3 Be7 6.Qc2 O-O 7.b3 Nbd7 8.Be2 b6 
9.O-O Bb7 10.Rd1 Rc8 11.e4 dxe4 12.Nxe4 c5 13.Ng3 Qc7 14.Bb2 Rfd8 15.dxc5 
Bxc5 16.Nd4 Qf4 17.Bf3 Bxf3 18.Nxf3 h5 19.b4 Bxb4 20.Rd4 Qc7 21.Rh4 Be7 
22.Nxh5 Nxh5 23.Rxh5 Nf8 24.Rc1 Qxc4 25.Qxc4 Rxc4 26.Ra1 Bc5 27.Rg5 Ng6 
28.h4 Rc2 29.Rb1 Bxf2+ 30.Kh1 Rd5 31.h5 Rxg5 32.Nxg5 Nf4 33.Be5 Nd5 34.Bb8
Be3 35.Nf3 Rxa2 36.Be5 f6 37.Bd6 e5 38.Rd1 Nf4 39.g4 Ne2 40.Bxe5 fxe5 41.
Rd8+ Kh7 42.Kg2 Nd4+ 43.Kg3 Bf4+ 44.Kh3 Nxf3 0-1

[Event "38th WCh U20 Girls"]
[Site "Cala Gonone ITA"]
[Date "2022.10.21"]
[Round "10.3"]
[White "Hajiyeva, Laman"]
[Black "Jarocka, Liwia"]
[Result "1/2-1/2"]
[WhiteElo "2138"]
[BlackElo "2089"]
[EventDate "2022.10.12"]
[PlyCount "92"]

1.e4 c6 2.Nf3 d5 3.exd5 cxd5 4.c4 Nf6 5.cxd5 Nxd5 6.Nc3 Nc6 7.Bb5 g6 8.Qa4
Qd6 9.Ne4 Qe6 10.O-O Bg7 11.Re1 O-O 12.d4 Rd8 13.Bg5 Nb6 14.Qa3 Nxd4 15.
Nxd4 Rxd4 16.Nf6+ exf6 17.Rxe6 Bxe6 18.Be3 Rdd8 19.h4 f5 20.h5 Bf6 21.Re1 
Nd5 22.Bh6 a6 23.Bc4 Rac8 24.Bxd5 Bxd5 25.Bd2 Be4 26.Bc3 Rd3 27.f3 Bc6 28.
Qb4 Bg5 29.Qc5 Rd5 30.Qf2 f4 31.Qe2 Bh4 32.Rd1 Rxh5 33.Qc4 Be7 34.b4 Rf5 
35.Bb2 Bd8 36.Bd4 Bf6 37.Bxf6 Rxf6 38.Rd4 Re8 39.Rxf4 Rxf4 40.Qxf4 Re1+ 
41.Kf2 Rb1 42.Ke3 Rd1 43.Qf6 Rd5 44.f4 h5 45.g3 Rf5 46.Qd8+ Kg7 1/2-1/2

[Event "38th WCh U20 Girls"]
[Site "Cala Gonone ITA"]
[Date "2022.10.21"]
[Round "10.4"]
[White "Kanyamarala, Trisha"]
[Black "Kamalidenova, Meruert"]
[Result "0-1"]
[WhiteElo "2174"]
[BlackElo "2376"]
[EventDate "2022.10.12"]
[PlyCount "112"]

1.d4 d5 2.c4 e6 3.Nc3 c6 4.e4 dxe4 5.Nxe4 Bb4+ 6.Bd2 Qxd4 7.Bxb4 Qxe4+ 8.
Ne2 Nd7 9.Qd6 Qe5 10.Qd2 Ngf6 11.O-O-O c5 12.Bc3 Qc7 13.Qg5 Rg8 14.Ng3 b6 
15.Re1 h6 16.Qd2 Bb7 17.Nf5 Rd8 18.Nd6+ Ke7 19.Nxb7 Qxb7 20.Qe3 Rge8 21.
Rg1 Qc7 22.h3 b5 23.Qf3 b4 24.Bd2 Ne5 25.Qe3 Qd6 26.f4 Nc6 27.Rd1 Qd4 28.
g4 Ne4 29.Qxd4 Nxd4 30.Be3 Nf3 31.Rg2 Rxd1+ 32.Kxd1 Rd8+ 33.Kc1 g6 34.Be2 
Nd4 35.Bd1 a5 36.h4 Nd6 37.b3 Ne4 38.Kb2 Rd7 39.Rg1 f6 40.Re1 Kf7 41.f5 
exf5 42.h5 g5 43.gxf5 Ng3 44.Bg4 Re7 45.Bf2 Rxe1 46.Bxe1 Ngxf5 47.Bf2 Nd6 
48.Bg3 Ne4 49.Bc7 f5 50.Bh3 f4 51.Bxa5 f3 52.Bb6 f2 53.a4 bxa3+ 54.Kxa3 g4
55.Bg2 Nc2+ 56.Kb2 Ne3 0-1

[Event "38th WCh U20 Girls"]
[Site "Cala Gonone ITA"]
[Date "2022.10.21"]
[Round "10.5"]
[White "Mkrtchian, Mariam"]
[Black "Hrebenshchykova, Yelyzaveta"]
[Result "0-1"]
[WhiteElo "2374"]
[BlackElo "2268"]
[EventDate "2022.10.12"]
[PlyCount "50"]

1.d4 d5 2.c4 e6 3.Nc3 c5 4.cxd5 cxd4 5.Qa4+ Bd7 6.Qxd4 exd5 7.Qxd5 Nf6 8.
Qxb7 Nc6 9.Bf4 Bb4 10.Rd1 O-O 11.a3 Bxc3+ 12.bxc3 Qa5 13.Qb2 Nd5 14.Bd2 
Rab8 15.Qa2 Be6 16.c4 Ndb4 17.Qb1 Qxa3 18.e3 Qa4 19.Rc1 Na2 20.Qc2 Qxc2 
21.Rxc2 Rb1+ 22.Ke2 Ne5 23.f4 Bxc4+ 24.Kf2 Rxf1+ 25.Kg3 Bb3 0-1

[Event "38th WCh U20 Girls"]
[Site "Cala Gonone ITA"]
[Date "2022.10.21"]
[Round "10.6"]
[White "Schneider, Jana"]
[Black "Kurmangaliyeva, Liya"]
[Result "0-1"]
[WhiteElo "2331"]
[BlackElo "2199"]
[EventDate "2022.10.12"]
[PlyCount "96"]

1.e4 c5 2.Nf3 Nc6 3.Nc3 e6 4.d4 cxd4 5.Nxd4 a6 6.Nxc6 bxc6 7.Bd3 d5 8.O-O 
Qc7 9.Re1 Bb7 10.Qe2 Nf6 11.e5 Nd7 12.Na4 c5 13.b3 h5 14.Nb2 Be7 15.f4 g6 
16.Bd2 a5 17.c4 d4 18.Be4 Nb8 19.Nd3 Nc6 20.Qf3 Ra7 21.a3 Kf8 22.Qg3 Nd8 
23.Qf3 Bxe4 24.Qxe4 Kg7 25.Rab1 Nc6 26.Qf3 Nd8 27.Qg3 h4 28.Qg4 a4 29.b4 
cxb4 30.Bxb4 Nc6 31.Bxe7 Nxe7 32.Qg5 Nf5 33.Qf6+ Kh7 34.Rb4 Qd8 35.Rc1 
Qxf6 36.exf6 g5 37.fxg5 Kg6 38.c5 Kxg5 39.c6 Rc7 40.Rxa4 Kxf6 41.Ra5 Rhc8 
42.Rac5 Ke7 43.a4 Kd6 44.Nb4 Ne7 45.R1c4 e5 46.Kf2 Ra8 47.a5 Rb8 48.Ke2 
Rxb4 0-1

[Event "38th WCh U20 Girls"]
[Site "Cala Gonone ITA"]
[Date "2022.10.21"]
[Round "10.7"]
[White "Goltseva, Ekaterina"]
[Black "Ouellet, Maili-Jade"]
[Result "0-1"]
[WhiteElo "2300"]
[BlackElo "2177"]
[EventDate "2022.10.12"]
[PlyCount "64"]

1.d4 d5 2.c4 e6 3.Nf3 Nf6 4.g3 Bb4+ 5.Bd2 Be7 6.Bg2 O-O 7.O-O Nbd7 8.Qc2 
c6 9.Rd1 Ne4 10.Bf4 g5 11.Bc1 f5 12.b3 Rf7 13.Nc3 h5 14.Nxe4 dxe4 15.Ne5 
Rh7 16.Nxd7 Bxd7 17.f3 exf3 18.Bxf3 Qc7 19.e4 Rf8 20.Be3 c5 21.d5 Rg7 22.
Kh1 Bd6 23.Qd2 Be5 24.Rac1 f4 25.gxf4 Bxf4 26.Rf1 Qe5 27.Rf2 Rgf7 28.Rcf1 
exd5 29.cxd5 Bh3 30.Rg1 g4 31.Bxg4 hxg4 32.Bxf4 Qxe4+ 0-1

[Event "38th WCh U20 Girls"]
[Site "Cala Gonone ITA"]
[Date "2022.10.21"]
[Round "10.8"]
[White "Schulze, Lara"]
[Black "Koubova, Anna Marie"]
[Result "1-0"]
[WhiteElo "2266"]
[BlackElo "2089"]
[EventDate "2022.10.12"]
[PlyCount "71"]

1.e4 c6 2.d4 d5 3.exd5 cxd5 4.Nf3 Nf6 5.c3 Qc7 6.Ne5 e6 7.Bd3 Bd6 8.f4 Ng8
9.O-O Ne7 10.Qh5 g6 11.Qh6 Nf5 12.Bxf5 Bf8 13.Qh3 gxf5 14.Nd2 Nc6 15.Ndf3 
b6 16.Nxc6 Qxc6 17.Re1 Be7 18.Qh6 Ba6 19.Qg7 Rf8 20.Ng5 Bxg5 21.fxg5 O-O-O
22.Bf4 Qd7 23.Qxh7 Rh8 24.Qg7 Rh4 25.Qe5 Kb7 26.Re3 Rdh8 27.b3 Qb5 28.Rc1 
Ka8 29.Qd6 Qa5 30.g6 fxg6 31.Rxe6 Bb7 32.Rce1 Rc8 33.Re8 Rh8 34.Rxh8 Rxh8 
35.b4 Qxa2 36.Qxg6 1-0

[Event "38th WCh U20 Girls"]
[Site "Cala Gonone ITA"]
[Date "2022.10.21"]
[Round "10.9"]
[White "Altantuya, Boldbaatar"]
[Black "Sebastian, Mhage Gerriahlou"]
[Result "1-0"]
[WhiteElo "2223"]
[BlackElo "1865"]
[EventDate "2022.10.12"]
[PlyCount "114"]

1.d4 Nf6 2.c4 e6 3.Nf3 d5 4.Nc3 c6 5.e3 Nbd7 6.Bd3 Bd6 7.O-O O-O 8.a4 dxc4
9.Bxc4 e5 10.e4 exd4 11.Nxd4 Nc5 12.Bg5 h6 13.Bh4 Be5 14.Nf3 Bxc3 15.Qc2 
Bxb2 16.e5 Bxe5 17.Nxe5 Be6 18.Bxe6 Nxe6 19.Rad1 Qe7 20.Bxf6 gxf6 21.Ng4 
Kg7 22.Qf5 Rad8 23.Qh5 Rh8 24.Rxd8 Nxd8 25.Ne3 Qe5 26.Nf5+ Kf8 27.Rd1 Ne6 
28.h3 Rh7 29.Qf3 Ke8 30.Nd6+ Ke7 31.Nxb7 Rh8 32.Qxc6 f5 33.Qd7+ Kf6 34.Nd6
Rf8 35.Qxa7 Nf4 36.Kh1 Kg6 37.Qd4 Qe2 38.Qd2 Ra8 39.Qxe2 Nxe2 40.Ra1 Ra6 
41.Nb5 Ra5 42.g3 f4 43.Kg2 fxg3 44.fxg3 f5 45.Kf3 Rxb5 46.axb5 Nd4+ 47.Kf4
Nxb5 48.Ra6+ Kg7 49.Kxf5 Nd4+ 50.Ke4 Nb3 51.Ra3 Nd2+ 52.Kf5 Nf1 53.Rd3 Kf7
54.g4 h5 55.gxh5 Kg7 56.Kg4 Kh6 57.Kf3 Kxh5 1-0

[Event "38th WCh U20 Girls"]
[Site "Cala Gonone ITA"]
[Date "2022.10.21"]
[Round "10.10"]
[White "Kucharska, Honorata"]
[Black "Nurgali, Nazerke"]
[Result "1/2-1/2"]
[WhiteElo "2179"]
[BlackElo "2169"]
[EventDate "2022.10.12"]
[PlyCount "102"]

1.c4 c5 2.g3 Nc6 3.Bg2 g6 4.Nc3 Bg7 5.Nf3 e6 6.d4 cxd4 7.Nb5 d5 8.cxd5 
exd5 9.O-O Nge7 10.Nbxd4 O-O 11.Be3 Bg4 12.h3 Bxf3 13.Nxf3 d4 14.Bd2 Qd7 
15.Ne1 Rad8 16.Nd3 b6 17.Rc1 Ne5 18.Qb3 Nxd3 19.exd3 Rc8 20.Bf4 h6 21.h4 
Rfd8 22.Rfe1 Nf5 23.Rxc8 Rxc8 24.Qd5 Qxd5 25.Bxd5 Bf8 26.Bb3 h5 27.Kg2 b5 
28.Re5 a6 29.Rd5 Be7 30.Rd7 a5 31.a4 bxa4 32.Bxa4 Kf8 33.Bb3 Rc5 34.Bc4 f6
35.Ra7 g5 36.hxg5 fxg5 37.Bd2 Nd6 38.b3 Nxc4 39.bxc4 Bd8 40.Bc1 Ke8 41.Ba3
Rc6 42.Bc1 h4 43.Bd2 Rc5 44.gxh4 gxh4 45.f4 Rf5 46.Kh3 Rf7 47.Ra8 Kd7 48.
Bxa5 Bxa5 49.Rxa5 Rxf4 50.Rh5 Kc6 51.Rd5 Rf3+ 1/2-1/2

[Event "38th WCh U20 Girls"]
[Site "Cala Gonone ITA"]
[Date "2022.10.21"]
[Round "10.11"]
[White "Malicka, Maria"]
[Black "Bashylina, Luisa"]
[Result "1-0"]
[WhiteElo "2327"]
[BlackElo "2073"]
[EventDate "2022.10.12"]
[PlyCount "57"]

1.e4 c5 2.Nf3 d6 3.d4 cxd4 4.Nxd4 Nf6 5.Nc3 a6 6.Bg5 Nbd7 7.Qe2 h6 8.Bh4 
g6 9.f4 e5 10.fxe5 dxe5 11.O-O-O Qc7 12.Nb3 b5 13.g4 Bb7 14.Nd5 Nxd5 15.
exd5 Bg7 16.Bg2 O-O 17.d6 Qc8 18.Be7 Re8 19.Bxb7 Qxb7 20.Rhf1 a5 21.Qf2 f6
22.Nc5 Qc6 23.Nxd7 Qxd7 24.Bxf6 Rf8 25.Qg2 Qe6 26.Bxg7 Kxg7 27.Qb7+ Kh8 
28.Rxf8+ Rxf8 29.Qe7 1-0

[Event "38th WCh U20 Girls"]
[Site "Cala Gonone ITA"]
[Date "2022.10.21"]
[Round "10.12"]
[White "Rudzinska, Michalina"]
[Black "Gombocz, Zsofia"]
[Result "1-0"]
[WhiteElo "2259"]
[BlackElo "2118"]
[EventDate "2022.10.12"]
[PlyCount "57"]

1.e4 e5 2.Nf3 Nc6 3.d4 exd4 4.Nxd4 Bc5 5.Nb3 Be7 6.Nc3 Nf6 7.g3 d6 8.h3 
Be6 9.Bg2 Qd7 10.Nd5 a5 11.Nxe7 Qxe7 12.O-O O-O 13.Nd4 Nxd4 14.Qxd4 Rad8 
15.f4 c5 16.Qd3 Bc8 17.Bd2 b6 18.Rae1 Rfe8 19.Qb3 Qc7 20.Bc3 Nd7 21.Qd5 
Bb7 22.Qg5 f6 23.Qh5 c4 24.Bd4 Nc5 25.Re3 Nxe4 26.Qb5 Ba8 27.Bxb6 Qd7 28.
Qxc4+ d5 29.Qd4 1-0

[Event "38th WCh U20 Girls"]
[Site "Cala Gonone ITA"]
[Date "2022.10.21"]
[Round "10.13"]
[White "Vanduyfhuys, Daria"]
[Black "Aydin, Gulenay"]
[Result "1/2-1/2"]
[WhiteElo "2073"]
[BlackElo "2109"]
[EventDate "2022.10.12"]
[PlyCount "110"]

1.d4 Nf6 2.c4 g6 3.Nc3 Bg7 4.e4 d6 5.h3 Nbd7 6.Be3 e5 7.d5 Nc5 8.Qc2 O-O 
9.g4 a5 10.Nge2 c6 11.Ng3 a4 12.Rd1 cxd5 13.cxd5 Qa5 14.Qd2 Bd7 15.f3 a3 
16.b3 Rfc8 17.Nge2 Bb5 18.b4 Qxb4 19.Rb1 Qxb1+ 20.Nxb1 Nd3+ 21.Qxd3 Bxd3 
22.Nbc3 b5 23.Kd2 Bc4 24.Nc1 b4 25.Nb5 Bxf1 26.Rxf1 Ne8 27.Na7 Rxa7 28.
Bxa7 Bh6+ 29.Be3 Bxe3+ 30.Kxe3 Rc2 31.Kd3 Rb2 32.Rd1 Nc7 33.Rd2 Nb5 34.Ke3
Nc3 35.Kd3 Kg7 36.h4 Kf6 37.Rc2 Nb5 38.g5+ Ke7 39.Rc8 Nc3 40.Rc7+ Ke8 41.
Rb7 Nxa2 42.Nxa2 Rxa2 43.Rxb4 Rf2 44.Ke3 a2 45.Ra4 Rh2 46.Kd3 Kd7 47.Ra7+ 
Kc8 48.Kc4 Kb8 49.Ra3 Rf2 50.Rb3+ Kc7 51.Ra3 Rxf3 52.Rxa2 Re3 53.Kb5 Rb3+ 
54.Kc4 Re3 55.Kb5 Rb3+ 1/2-1/2

[Event "38th WCh U20 Girls"]
[Site "Cala Gonone ITA"]
[Date "2022.10.21"]
[Round "10.14"]
[White "Radikovic, Anamarija"]
[Black "Levitan, Ronit"]
[Result "1/2-1/2"]
[WhiteElo "2112"]
[BlackElo "2024"]
[EventDate "2022.10.12"]
[PlyCount "98"]

1.e4 e5 2.Nf3 Nc6 3.Bb5 a6 4.Ba4 Nf6 5.O-O Nxe4 6.d4 b5 7.Bb3 d5 8.dxe5 
Be6 9.Nbd2 Nc5 10.c3 Be7 11.Bc2 d4 12.Nb3 d3 13.Bb1 Nxb3 14.axb3 Bf5 15.
Bf4 O-O 16.Qd2 Qd7 17.b4 Rfd8 18.Rd1 a5 19.h3 h6 20.Ne1 axb4 21.Rxa8 Rxa8 
22.Bxd3 Bxd3 23.Nxd3 Qf5 24.Bg3 Rd8 25.Qe2 bxc3 26.bxc3 Rd5 27.Kh2 Qd7 28.
Nb2 Rxd1 29.Nxd1 b4 30.cxb4 Nxb4 31.Ne3 Bc5 32.Qc4 Bxe3 33.Qxb4 Bd4 34.
Qb8+ Kh7 35.Qb1+ g6 36.Qb7 Qe7 37.Qd5 c5 38.f4 Qe6 39.Qe4 Qc4 40.Bf2 Qc3 
41.Qb7 Qc4 42.Qe4 Kg7 43.e6 fxe6 44.Qb7+ Kg8 45.Qc8+ Kh7 46.Qc7+ Kg8 47.
Qd8+ Kh7 48.Qc7+ Kg8 49.Qd8+ Kh7 1/2-1/2

[Event "38th WCh U20 Girls"]
[Site "Cala Gonone ITA"]
[Date "2022.10.21"]
[Round "10.15"]
[White "Pipia, Ekaterine"]
[Black "Walter, Ema"]
[Result "1-0"]
[WhiteElo "1926"]
[BlackElo "2062"]
[EventDate "2022.10.12"]
[PlyCount "91"]

1.d4 d5 2.c4 e6 3.Nc3 Nf6 4.Bg5 Be7 5.e3 h6 6.Bh4 O-O 7.Nf3 Nbd7 8.Rc1 Re8
9.Bd3 a6 10.cxd5 exd5 11.O-O c6 12.Bg3 Bf8 13.Qc2 Nh5 14.Be5 b6 15.h3 Bb7 
16.Bh2 c5 17.Bh7+ Kh8 18.Bf5 Nhf6 19.Rfd1 c4 20.Ne5 Kg8 21.e4 b5 22.Nxd5 
Bxd5 23.exd5 Nb6 24.Nxf7 Kxf7 25.Be6+ Rxe6 26.dxe6+ Kxe6 27.Qg6 Nd5 28.
Re1+ Kd7 29.Qf7+ Be7 30.Re6 Qg8 31.Rd6+ Kc8 32.Qxg8+ Nxg8 33.Rxd5 Bf6 34.
a4 Ne7 35.Rc5+ Kd7 36.axb5 axb5 37.Rxb5 Bxd4 38.Rb7+ Kd8 39.Rd1 Ke8 40.Re1
Bc5 41.Rb8+ Rxb8 42.Bxb8 Kd7 43.Rc1 Bd4 44.Rd1 Nc6 45.Ba7 Nxa7 46.Rxd4+ 
1-0

[Event "38th WCh U20 Girls"]
[Site "Cala Gonone ITA"]
[Date "2022.10.21"]
[Round "10.16"]
[White "Olde, Grete"]
[Black "Aubert, Estee"]
[Result "0-1"]
[WhiteElo "1862"]
[BlackElo "2019"]
[EventDate "2022.10.12"]
[PlyCount "68"]

1.e4 c5 2.Nc3 Nc6 3.g3 g6 4.Bg2 Bg7 5.d3 d6 6.f4 e6 7.Nf3 Nge7 8.O-O O-O 
9.Be3 Rb8 10.Qd2 b5 11.d4 b4 12.Nd1 d5 13.e5 Nxd4 14.Nxd4 cxd4 15.Bxd4 Qc7
16.Qf2 Ba6 17.Re1 Nc6 18.Bc5 Rfd8 19.Ne3 Nxe5 20.Nxd5 Rxd5 21.Bxa7 Ng4 22.
Bxb8 Qxb8 23.Qf3 Qb6+ 24.Kh1 Nf2+ 25.Kg1 Nd3+ 26.Kh1 Nxe1 27.Rxe1 Bxb2 28.
Rb1 Bf6 29.a3 Qc5 30.Qb3 Rd2 31.axb4 Qxc2 32.Qxc2 Rxc2 33.Be4 Rc7 34.b5 
Bb7 0-1

[Event "38th WCh U20 Girls"]
[Site "Cala Gonone ITA"]
[Date "2022.10.21"]
[Round "10.17"]
[White "Cassi, Elisa"]
[Black "Saravanan, Durga"]
[Result "1-0"]
[WhiteElo "1965"]
[BlackElo "1736"]
[EventDate "2022.10.12"]
[PlyCount "111"]

1.e4 c5 2.Nf3 d6 3.d4 cxd4 4.Nxd4 Nf6 5.Nc3 a6 6.Be2 e5 7.Nf3 Be7 8.Bg5 
Be6 9.Bxf6 Bxf6 10.O-O O-O 11.Nd5 Nd7 12.Bc4 Qc8 13.Bb3 Bd8 14.Qe2 Nc5 15.
Rfd1 Kh8 16.Nd2 b5 17.a4 bxa4 18.Ba2 Rb8 19.Nc4 Qc6 20.c3 a5 21.f3 Nb3 22.
Bxb3 Rxb3 23.Ra3 Rxa3 24.Nxa3 Bxd5 25.Rxd5 Bb6+ 26.Kh1 Bc5 27.Nc4 Qb5 28.
Qd3 Rb8 29.h4 f6 30.Kh2 Kg8 31.Qe2 Qa6 32.Rd2 Qb5 33.Qd3 Kf8 34.Qd5 Rd8 
35.f4 exf4 36.e5 fxe5 37.Nxe5 Qe8 38.Nc6 Rc8 39.Qf5+ Kg8 40.Qxc8 Qxc8 41.
Ne7+ Kf7 42.Nxc8 Ke6 43.Re2+ Be3 44.Nb6 Kf5 45.Nxa4 Ke4 46.b4 axb4 47.cxb4
d5 48.Nc5+ Kd4 49.Rc2 Ke5 50.b5 Kd6 51.b6 Kc6 52.b7 Kc7 53.Rb2 Kb8 54.Na6+
Ka7 55.b8=Q+ Kxa6 56.Ra2# 1-0

[Event "38th WCh U20 Girls"]
[Site "Cala Gonone ITA"]
[Date "2022.10.21"]
[Round "10.18"]
[White "Bucur, Denisa-Andreea"]
[Black "Le Thuy An"]
[Result "1-0"]
[WhiteElo "1946"]
[BlackElo "1728"]
[EventDate "2022.10.12"]
[PlyCount "83"]

1.e4 c5 2.Nf3 d6 3.d4 cxd4 4.Nxd4 Nf6 5.Nc3 a6 6.Be3 e6 7.g4 b5 8.g5 Nfd7 
9.a3 Nb6 10.h4 N8d7 11.h5 Ne5 12.Bg2 Bb7 13.Qe2 Rc8 14.O-O Be7 15.f4 Nec4 
16.Bc1 g6 17.b3 e5 18.Nf3 Na5 19.Nxb5 axb5 20.Qxb5+ Nd7 21.b4 Ra8 22.fxe5 
Ba6 23.Qd5 Nb6 24.Qd4 Bxf1 25.Bxf1 d5 26.Bb5+ Kf8 27.e6 f6 28.gxf6 Bxf6 
29.Bh6+ Kg8 30.e5 Bg7 31.Bg5 Qf8 32.Rf1 Qf5 33.h6 Bf8 34.e7 Bxe7 35.Bxe7 
Qe6 36.Bc5 Nc6 37.Bxc6 Qxc6 38.e6 Qc7 39.e7 Qg3+ 40.Kh1 Qh3+ 41.Nh2 Qxh6 
42.Rf8+ 1-0

[Event "38th WCh U20 Girls"]
[Site "Cala Gonone ITA"]
[Date "2022.10.21"]
[Round "10.19"]
[White "Daniilidi, Dimitra Lydia"]
[Black "Gomez Barrera, Javiera Belen"]
[Result "0-1"]
[WhiteElo "1498"]
[BlackElo "2219"]
[EventDate "2022.10.12"]
[PlyCount "104"]

1.e4 e5 2.Nf3 Nc6 3.Bb5 a6 4.Ba4 Nf6 5.O-O Be7 6.Re1 b5 7.Bb3 d6 8.a4 b4 
9.c3 Rb8 10.d4 O-O 11.Nbd2 exd4 12.cxd4 Bg4 13.h3 Bh5 14.e5 dxe5 15.dxe5 
Nd7 16.e6 Nc5 17.exf7+ Bxf7 18.Bxf7+ Rxf7 19.Qe2 Qd3 20.Qxd3 Nxd3 21.Re6 
Rf6 22.Re3 Rd8 23.Ne4 Rf5 24.Ne1 Nxe1 25.Rxe1 Nd4 26.Ng3 Rf7 27.Rxe7 Nf3+ 
28.gxf3 Rd1+ 29.Kg2 Rxe7 30.Bg5 Rxa1 31.Bxe7 Rxa4 32.b3 Ra3 33.Bxb4 Rxb3 
34.Ba5 c6 35.Nf5 c5 36.Ne3 Kf7 37.Kg3 Ke6 38.Kf4 Kd7 39.Ke5 Kc6 40.Ke6 Kb5
41.Be1 a5 42.Kf7 a4 43.Kxg7 a3 44.f4 a2 45.Nc2 Kc4 46.f5 Kd3 47.Na1 Rb1 
48.f6 Rxa1 49.f7 Rxe1 50.f8=Q a1=Q+ 51.Kxh7 Qe5 52.Qd8+ Kc2 0-1

[Event "38th WCh U20 Girls"]
[Site "Cala Gonone ITA"]
[Date "2022.10.21"]
[Round "10.20"]
[White "Djidjeli, Sarah"]
[Black "Gabbani, Sara"]
[Result "1/2-1/2"]
[WhiteElo "2082"]
[BlackElo "1944"]
[EventDate "2022.10.12"]
[PlyCount "106"]

1.e4 c5 2.Nf3 Nc6 3.Bb5 g6 4.O-O Bg7 5.d3 Nf6 6.Nc3 O-O 7.e5 Ne8 8.Bxc6 
bxc6 9.Bf4 d6 10.h3 Nc7 11.Qd2 Ne6 12.Bh6 Rb8 13.b3 d5 14.Bxg7 Kxg7 15.Ng5
Nd4 16.Ne2 Qc7 17.Nxd4 cxd4 18.Nf3 c5 19.c3 dxc3 20.Qxc3 Be6 21.Ng5 Rfc8 
22.Nxe6+ fxe6 23.Rac1 Rb6 24.Rc2 Rc6 25.Rfc1 a5 26.Qe1 Qb6 27.Qe3 Qb4 28.
Qg5 Qb7 29.h4 Qd7 30.h5 R6c7 31.Qg4 Rc6 32.Re2 Rf8 33.Re3 Rf5 34.Rg3 Qe8 
35.hxg6 hxg6 36.d4 c4 37.bxc4 Rxc4 38.Rxc4 dxc4 39.d5 Qf7 40.d6 exd6 41.
exd6 Rd5 42.Qxc4 Rd1+ 43.Kh2 Qxf2 44.Qc7+ Qf7 45.Qxa5 Rd5 46.Qc3+ Qf6 47.
Qc7+ Qf7 48.Rc3 g5 49.a4 Kg6 50.Qxf7+ Kxf7 51.Rc6 Ke8 52.Kg3 Kd7 53.Rb6 
Ra5 1/2-1/2

[Event "38th WCh U20 Girls"]
[Site "Cala Gonone ITA"]
[Date "2022.10.21"]
[Round "10.21"]
[White "Simkunaite, Gabija"]
[Black "Grozdanovic, Anastasia"]
[Result "1-0"]
[WhiteElo "2014"]
[BlackElo "1824"]
[EventDate "2022.10.12"]
[PlyCount "83"]

1.e4 c6 2.d4 d5 3.exd5 cxd5 4.Bd3 Nc6 5.c3 Qc7 6.Ne2 Bg4 7.h3 Bh5 8.Qb3 
Bxe2 9.Bxe2 Nxd4 10.cxd4 Qxc1+ 11.Bd1 Qc6 12.Nc3 e6 13.Be2 a6 14.O-O Bd6 
15.Rac1 Rb8 16.Na4 Qd7 17.Nb6 Qd8 18.Qa4+ Ke7 19.Qb3 Nf6 20.Rc2 Re8 21.
Rfc1 Kf8 22.Rc8 Qe7 23.Rxe8+ Qxe8 24.Bd3 Qd8 25.g3 g5 26.Na4 h5 27.Nc3 h4 
28.Ne2 Nh5 29.Kg2 Bc7 30.Bb1 Qd6 31.Qf3 Ng7 32.Qf6 Qd8 33.Qh6 Kg8 34.Qh7+ 
Kf8 35.Qh8+ Ke7 36.Qxg7 e5 37.dxe5 Ke6 38.Nd4+ Ke7 39.Qxg5+ Kd7 40.Bf5+ 
Ke8 41.Qxd8+ Bxd8 42.Rc8 1-0

[Event "38th WCh U20 Girls"]
[Site "Cala Gonone ITA"]
[Date "2022.10.21"]
[Round "10.22"]
[White "Skaslien, Ingrid"]
[Black "Norlamo, Sarabella"]
[Result "1/2-1/2"]
[WhiteElo "1909"]
[BlackElo "1946"]
[EventDate "2022.10.12"]
[PlyCount "78"]

1.d4 d5 2.c4 dxc4 3.Nf3 Nf6 4.Nc3 a6 5.a4 e6 6.e3 c5 7.Bxc4 cxd4 8.Nxd4 
Bd6 9.Be2 O-O 10.O-O Qc7 11.f4 Rd8 12.Qe1 e5 13.fxe5 Bxe5 14.Qh4 Nc6 15.
Nf3 Bd6 16.e4 Ne5 17.Nxe5 Bxe5 18.Kh1 Be6 19.Be3 Qc6 20.Bg5 h6 21.Bf4 Bxf4
22.Qxf4 Rd4 23.Rad1 Rad8 24.Rxd4 Rxd4 25.Qb8+ Kh7 26.Qe5 Rd2 27.Bf3 Nd7 
28.Qf4 Rxb2 29.Nd5 Qxa4 30.Bg4 Qc6 31.Ne7 Qc2 32.Bf5+ Bxf5 33.Qxf5+ Kh8 
34.Rg1 Nf6 35.Qe5 Rb5 36.Qb8+ Kh7 37.e5 Rb1 38.exf6 Rxg1+ 39.Kxg1 Qd1+ 
1/2-1/2

[Event "38th WCh U20 Girls"]
[Site "Cala Gonone ITA"]
[Date "2022.10.21"]
[Round "10.23"]
[White "Popovic, Mateja"]
[Black "Sala, Giulia"]
[Result "1-0"]
[WhiteElo "1718"]
[BlackElo "1869"]
[EventDate "2022.10.12"]
[PlyCount "77"]

1.d4 Nf6 2.c4 g6 3.Nf3 Bg7 4.g3 d6 5.Bg2 O-O 6.O-O Nc6 7.Nc3 a6 8.e4 Rb8 
9.a4 a5 10.h3 e5 11.Be3 Nd7 12.Nd5 exd4 13.Nxd4 Nce5 14.b3 c6 15.Nc3 Nc5 
16.Ra2 Ned3 17.Rd2 Nb4 18.Nde2 Qe7 19.Rxd6 Nxb3 20.f4 Na6 21.Bb6 Nac5 22.
e5 Be6 23.Bxc5 Nxc5 24.Qd4 Na6 25.Ne4 Rfd8 26.N2c3 Rxd6 27.Nxd6 Rd8 28.
Nce4 Qd7 29.g4 c5 30.Qa1 Qc7 31.Nxb7 Rb8 32.Nbd6 Rb4 33.Ne8 Qb8 34.Nxg7 
Kxg7 35.f5 Rxc4 36.fxe6 fxe6 37.Qd1 Qa7 38.Qf3 Qe7 39.Qd3 1-0